[Event "GER-ch Net blitz qual4"]
[Site "Playchess.com INT"]
[Date "2021.05.10"]
[Round "7"]
[White "Friemel, Reinhard"]
[Black "Susallek, Markus"]
[Result "1-0"]
[WhiteElo "1773"]
[BlackElo "1845"]
[PlyCount "55"]
[EventDate "2021.05.10"]
[EventType "swiss (blitz)"]
[EventRounds "11"]
[EventCountry "GER"]
[SourceTitle "CBM 202 Extra"]
[Source "ChessBase"]
[SourceDate "2021.07.31"]
[SourceVersion "1"]
[SourceVersionDate "2021.07.31"]
[SourceQuality "1"]

1. e4 c5 2. c4 Nc6 3. Nc3 g6 4. g3 Bg7 5. Bg2 e6 6. Nge2 Nge7 7. d3 0-0 8. 0-0 d5 9. exd5 exd5 10. Nxd5 Nxd5 11. Bxd5 Nb4 12. Be4 f5 13. Bg2 Nxd3 14. Qb3 Nxc1 15. Raxc1 Qc7 16. Nf4 Rb8 17. Bd5+ Kh8 18. Be6 Bd7 19. Rcd1 Bc6 20. Bd5 Rfe8 21. Ne6 Rxe6 22. Bxe6 f4 23. Bd5 f3 24. Qxf3 Rf8 25. Qd3 Bd4 26. Qe4 Bd7 27. Rxd4 cxd4 28. Qxd4+ 1-0

[Event "GER-ch Net blitz qual4"]
[Site "Playchess.com INT"]
[Date "2021.05.10"]
[Round "8"]
[White "Susallek, Markus"]
[Black "Schubert, Joachim"]
[Result "1-0"]
[WhiteElo "1845"]
[BlackElo "1722"]
[PlyCount "109"]
[EventDate "2021.05.10"]
[EventType "swiss (blitz)"]
[EventRounds "11"]
[EventCountry "GER"]
[SourceTitle "CBM 202 Extra"]
[Source "ChessBase"]
[SourceDate "2021.07.31"]
[SourceVersion "1"]
[SourceVersionDate "2021.07.31"]
[SourceQuality "1"]

1. e4 c5 2. Nf3 Nc6 3. d4 cxd4 4. Nxd4 Nf6 5. Nc3 d6 6. Bg5 e6 7. Qd2 Be7 8. 0-0-0 Bd7 9. f4 Qc7 10. Ndb5 Qa5 11. Nxd6+ Bxd6 12. Qxd6 0-0-0 13. e5 h6 14. exf6 hxg5 15. fxg7 Rhg8 16. Bc4 gxf4 17. Qxc6+ Bxc6 18. h4 Rxd1+ 19. Rxd1 Rxg7 20. h5 Bxg2 21. Nb5 Qb4 22. Nd6+ Kc7 23. Ne8+ Kb6 24. Nxg7 Qxc4 25. h6 Be4 26. Rd2 Qf1+ 27. Rd1 Qe2 28. Rd2 Qe3 29. Ne8 f3 30. Nd6 Bh7 31. Nc4+ Kc5 32. Nxe3 e5 33. Ng4 e4 34. Ne3 Kc6 35. Rd8 f5 36. Rh8 Bg6 37. h7 Bxh7 38. Rxh7 f4 39. Ng4 e3 40. Kd1 Kd5 41. Rd7+ Ke6 42. Rd8 Kf5 43. Nh6+ Ke4 44. Ke1 f2+ 45. Kf1 Kf3 46. Rd3 b5 47. Nf7 Kg3 48. Ng5 a5 49. Ne4+ Kf3 50. Nxf2 b4 51. Nd1 Ke4 52. Nxe3 fxe3 53. Ke2 a4 54. Rxe3+ Kd4 55. Re8 1-0

[Event "GER-ch Net blitz qual3"]
[Site "Playchess.com INT"]
[Date "2021.05.07"]
[Round "7"]
[White "Ochs, Daniel Elias"]
[Black "Susallek, Markus"]
[Result "1-0"]
[WhiteElo "2130"]
[BlackElo "1900"]
[PlyCount "27"]
[EventDate "2021.05.07"]
[EventType "swiss (blitz)"]
[EventRounds "11"]
[EventCountry "GER"]
[SourceTitle "CBM 202 Extra"]
[Source "ChessBase"]
[SourceDate "2021.07.31"]
[SourceVersion "1"]
[SourceVersionDate "2021.07.31"]
[SourceQuality "1"]

1. d4 Nf6 2. c4 e6 3. g3 d5 4. Nf3 dxc4 5. Bg2 c6 6. 0-0 Be7 7. Ne5 0-0 8. Nxc4 Nbd7 9. Nc3 Qc7 10. e4 c5 11. d5 exd5 12. exd5 Ne8 13. Bf4 Bd6 14. Nb5 1-0

[Event "GER-ch Net blitz qual3"]
[Site "Playchess.com INT"]
[Date "2021.05.07"]
[Round "8"]
[White "Susallek, Markus"]
[Black "Azimov, Stanislav"]
[Result "0-1"]
[WhiteElo "1900"]
[BlackElo "1752"]
[PlyCount "64"]
[EventDate "2021.05.07"]
[EventType "swiss (blitz)"]
[EventRounds "11"]
[EventCountry "GER"]
[SourceTitle "CBM 202 Extra"]
[Source "ChessBase"]
[SourceDate "2021.07.31"]
[SourceVersion "1"]
[SourceVersionDate "2021.07.31"]
[SourceQuality "1"]

1. e4 c5 2. Nf3 Nf6 3. e5 Nd5 4. d4 cxd4 5. Qxd4 e6 6. c4 Nc6 7. Qe4 f5 8. exf6 Nxf6 9. Qh4 Be7 10. Nc3 Nb4 11. Nd4 0-0 12. a3 Nc6 13. Nxc6 bxc6 14. Bd3 d5 15. cxd5 exd5 16. Bg5 h6 17. Bxf6 Bxf6 18. Qh5 Qe8+ 19. Qxe8 Rxe8+ 20. Kd1 Rb8 21. Kc2 Bd7 22. Rhe1 Rxe1 23. Rxe1 c5 24. b4 cxb4 25. Nxd5 b3+ 26. Kb1 Bd4 27. Re7 Bc6 28. Bc4 Kh8 29. Nf4 Be8 30. Ne6 Bf6 31. Rc7 Bg6+ 32. Kc1 b2+ 0-1

[Event "GER-ch Net blitz qual2"]
[Site "Playchess.com INT"]
[Date "2021.05.04"]
[Round "10"]
[White "Susallek, Markus"]
[Black "Eilenberg, Jonas"]
[Result "0-1"]
[WhiteElo "1871"]
[BlackElo "2090"]
[PlyCount "48"]
[EventDate "2021.05.04"]
[EventType "swiss (blitz)"]
[EventRounds "11"]
[EventCountry "GER"]
[SourceTitle "CBM 202 Extra"]
[Source "ChessBase"]
[SourceDate "2021.07.31"]
[SourceVersion "1"]
[SourceVersionDate "2021.07.31"]
[SourceQuality "1"]

1. e4 e6 2. d4 d5 3. Nc3 Nf6 4. Bg5 Be7 5. e5 Nfd7 6. h4 h6 7. Bxe7 Qxe7 8. f4 a6 9. Nf3 c5 10. Be2 Nc6 11. Qd2 b5 12. 0-0-0 c4 13. g4 b4 14. Nb1 Rb8 15. b3 Na5 16. f5 Nb6 17. Qf4 Qc7 18. Nbd2 cxb3 19. axb3 Qc3 20. g5 Na4 21. bxa4 b3 22. Bd3 bxc2 23. Bb5+ axb5 24. Rde1 bxa4 0-1

[Event "DSOL 03 Liga Gr-A 1st"]
[Site "Playchess.com INT"]
[Date "2020.07.29"]
[Round "6.1"]
[White "Susallek, Markus"]
[Black "Danninger, Jannik"]
[Result "1-0"]
[WhiteElo "1932"]
[BlackElo "2028"]
[PlyCount "67"]
[EventDate "2020.06.22"]
[EventType "team-tourn (rapid)"]
[EventCountry "GER"]
[SourceTitle "EXT 2021"]
[Source "ChessBase"]
[SourceDate "2020.10.23"]
[SourceVersion "1"]
[SourceVersionDate "2020.10.23"]
[SourceQuality "1"]
[WhiteTeam "Moembris"]
[BlackTeam "Tegernsee"]
[WhiteTeamCountry "GER"]
[BlackTeamCountry "GER"]

1. e4 c5 2. Nf3 d6 3. d4 cxd4 4. Nxd4 Nf6 5. Nc3 g6 6. Be3 Bg7 7. f3 0-0 8. Qd2 Nc6 9. g4 Nxd4 10. Bxd4 a6 11. h4 h5 12. gxh5 Nxh5 13. Bxg7 Kxg7 14. 0-0-0 b5 15. Rg1 Be6 16. Qg5 Kh7 17. Bd3 Bc4 18. Bxc4 bxc4 19. e5 Rb8 20. e6 Rg8 21. exf7 Rg7 22. Rd5 e5 23. Qxd8 Rxd8 24. Rxd6 Rf8 25. Ne4 Nf4 26. Kd1 Kh6 27. Ng5 Rb8 28. b3 a5 29. Re1 cxb3 30. axb3 Kh5 31. Rxe5 Kxh4 32. Rf6 Rd8+ 33. Kc1 Rc8 34. Rxf4+ 1-0

[Event "GER Cup Net Final-B U2000"]
[Site "Playchess.com INT"]
[Date "2020.06.06"]
[Round "2"]
[White "Engemann, Till"]
[Black "Susallek, Markus"]
[Result "1/2-1/2"]
[WhiteElo "1953"]
[BlackElo "1835"]
[PlyCount "53"]
[EventDate "2020.06.06"]
[EventType "swiss (blitz)"]
[EventRounds "13"]
[EventCountry "GER"]
[SourceTitle "CBM 197 Extra"]
[Source "ChessBase"]
[SourceDate "2020.09.30"]
[SourceVersion "1"]
[SourceVersionDate "2020.09.30"]
[SourceQuality "1"]

1. d4 Nf6 2. c4 g6 3. Nc3 d5 4. cxd5 Nxd5 5. e4 Nxc3 6. bxc3 Bg7 7. Bc4 c5 8. Ne2 0-0 9. 0-0 Nc6 10. Be3 Bg4 11. f3 Bd7 12. Qd2 Rc8 13. e5 cxd4 14. cxd4 Nxe5 15. dxe5 Rxc4 16. Rad1 Rc7 17. Bxa7 Qc8 18. Bb6 Rc2 19. Qxd7 Rxe2 20. Qxe7 Rxe5 21. Qd6 Rfe8 22. Bd4 R5e6 23. Qb4 Bxd4+ 24. Qxd4 Re2 25. Rd2 Rxd2 26. Qxd2 Qc5+ 27. Qf2 1/2-1/2

[Event "GER Cup Net Final-B U2000"]
[Site "Playchess.com INT"]
[Date "2020.06.06"]
[Round "4"]
[White "Isele, Thomas"]
[Black "Susallek, Markus"]
[Result "1/2-1/2"]
[WhiteElo "1926"]
[BlackElo "1835"]
[PlyCount "180"]
[EventDate "2020.06.06"]
[EventType "swiss (blitz)"]
[EventRounds "13"]
[EventCountry "GER"]
[SourceTitle "CBM 197 Extra"]
[Source "ChessBase"]
[SourceDate "2020.09.30"]
[SourceVersion "1"]
[SourceVersionDate "2020.09.30"]
[SourceQuality "1"]

1. e4 c5 2. Nf3 e6 3. d3 Nc6 4. g3 g6 5. Bg2 Bg7 6. 0-0 Nge7 7. c3 d6 8. Re1 Qc7 9. Nbd2 0-0 10. Nb3 Rb8 11. d4 c4 12. Nbd2 b5 13. a3 a5 14. Nf1 b4 15. axb4 axb4 16. Bd2 Bd7 17. Qe2 Na5 18. Ra2 bxc3 19. bxc3 Nb3 20. Bf4 Ra8 21. Rb2 Ra4 22. Reb1 Rfa8 23. N3d2 e5 24. dxe5 dxe5 25. Bg5 f6 26. Be3 Be6 27. f3 Ra2 28. Qf2 Rxb2 29. Rxb2 Ra1 30. Bb6 Qc6 31. Be3 Qd7 32. h4 Qd3 33. Nxb3 cxb3 34. Bc5 Nc6 35. Qd2 Bc4 36. Qxd3 Bxd3 37. Rxb3 Na5 38. Rb8+ Kf7 39. Ra8 Nb3 40. Rxa1 Nxa1 41. Nd2 Ke6 42. Bh3+ f5 43. Kf2 Nc2 44. exf5+ gxf5 45. c4 Nd4 46. Bxd4 exd4 47. Bf1 Bc2 48. Ke2 Ke5 49. f4+ Kd6 50. Bg2 Kc5 51. Bd5 d3+ 52. Ke3 Bd4+ 53. Kf3 Bc3 54. Ke3 Bd4+ 55. Kf3 Bc3 56. Nf1 d2 57. Ne3 d1Q+ 58. Nxd1 Bxd1+ 59. Kf2 Bg4 60. Bg8 h6 61. Bf7 Bd4+ 62. Kg2 Kb4 63. Be6 Kc3 64. Bd5 Kd3 65. Be6 Ke3 66. Bd5 Bc5 67. Be6 Kd4 68. Bd5 Be2 69. Be6 Ke4 70. Bd5+ Ke3 71. Be6 Bf3+ 72. Kh2 Be4 73. Kh3 Kf2 74. Kh2 Kf3 75. Bf7 Bf2 76. Bh5+ Ke3 77. Bf7 Ke2 78. Bh5+ Kd3 79. Bf7 Kc3 80. Be6 Bd3 81. Kg2 Bd4 82. Kf3 Kb4 83. g4 fxg4+ 84. Kxg4 Kc5 85. Kh5 Be3 86. Kxh6 Bxf4+ 87. Kg7 Bxc4 88. Bxc4 Kxc4 89. h5 Be3 90. h6 Bxh6+ 1/2-1/2

[Event "GER Cup Net Final-B U2000"]
[Site "Playchess.com INT"]
[Date "2020.06.06"]
[Round "1"]
[White "Susallek, Markus"]
[Black "Noack, Thomas"]
[Result "1-0"]
[WhiteElo "1835"]
[BlackElo "1662"]
[PlyCount "87"]
[EventDate "2020.06.06"]
[EventType "swiss (blitz)"]
[EventRounds "13"]
[EventCountry "GER"]
[SourceTitle "CBM 197 Extra"]
[Source "ChessBase"]
[SourceDate "2020.09.30"]
[SourceVersion "1"]
[SourceVersionDate "2020.09.30"]
[SourceQuality "1"]

1. e4 e5 2. f4 exf4 3. Nf3 d5 4. exd5 Nf6 5. Bb5+ c6 6. dxc6 Nxc6 7. d4 Qa5+ 8. Nc3 Bb4 9. 0-0 0-0 10. Bxc6 bxc6 11. Bxf4 Bxc3 12. bxc3 Qxc3 13. Bg5 Nd5 14. Qe2 Bg4 15. Rad1 Rae8 16. Qf2 Ne3 17. Bxe3 Rxe3 18. Rfe1 Rxe1+ 19. Rxe1 Bxf3 20. gxf3 Qa3 21. c4 Qc3 22. Qe3 Qxc4 23. a3 h6 24. Kf2 Rb8 25. Re2 Rb3 26. Qe8+ Kh7 27. Qe4+ g6 28. Qe5 Qd5 29. Qf4 Rxa3 30. Re7 Ra2+ 31. Kg3 Kg7 32. Rc7 Rc2 33. h4 a5 34. h5 Qg5+ 35. Qxg5 hxg5 36. hxg6 Kxg6 37. Ra7 f5 38. Rxa5 f4+ 39. Kh3 Rf2 40. Ra3 Rd2 41. Rc3 Rxd4 42. Rxc6+ Kh5 43. Rc3 Rd3 44. Rxd3 1-0

[Event "GER Cup Net Final-B U2000"]
[Site "Playchess.com INT"]
[Date "2020.06.06"]
[Round "5"]
[White "Susallek, Markus"]
[Black "Platz, Daniel1111"]
[Result "1/2-1/2"]
[WhiteElo "1835"]
[BlackElo "1701"]
[PlyCount "139"]
[EventDate "2020.06.06"]
[EventType "swiss (blitz)"]
[EventRounds "13"]
[EventCountry "GER"]
[SourceTitle "CBM 197 Extra"]
[Source "ChessBase"]
[SourceDate "2020.09.30"]
[SourceVersion "1"]
[SourceVersionDate "2020.09.30"]
[SourceQuality "1"]

1. e4 e6 2. d4 d5 3. Nd2 Nf6 4. e5 Nfd7 5. Bd3 c5 6. c3 Nc6 7. Ne2 Be7 8. 0-0 0-0 9. Nf3 cxd4 10. cxd4 Nxd4 11. Nexd4 Qb6 12. Qc2 h6 13. Be3 Bc5 14. a3 Nxe5 15. Nxe5 Bxd4 16. Bxd4 Qxd4 17. Nf3 Qf6 18. Qc7 Re8 19. Rfe1 g5 20. Bb5 Rd8 21. Ne5 a6 22. Bd3 Rf8 23. Re3 Qd8 24. Rc1 Qxc7 25. Rxc7 f5 26. Ng6 Rf7 27. Rxf7 Kxf7 28. Ne5+ Kf6 29. g3 b5 30. f4 Bb7 31. Nd7+ Kf7 32. Nc5 Bc8 33. a4 bxa4 34. Nxa4 Rb8 35. Re2 Rb4 36. Nc5 gxf4 37. gxf4 Rxf4 38. Nxa6 Bxa6 39. Bxa6 Kf6 40. Rc2 e5 41. Rc6+ Kg5 42. Be2 Rb4 43. Rc2 d4 44. Bd3 e4 45. Bf1 d3 46. Rd2 Kf4 47. Bxd3 exd3 48. Rxd3 Rxb2 49. Rd4+ Kf3 50. Rd3+ Kg4 51. Rd4+ f4 52. Rd8 h5 53. Rh8 h4 54. h3+ Kxh3 55. Rg8 f3 56. Kf1 Rg2 57. Rf8 Rg3 58. Kf2 Kg4 59. Rg8+ Kf4 60. Rf8+ Kg4 61. Rg8+ Kh3 62. Rf8 Kh2 63. Rh8 h3 64. Rh6 Rg2+ 65. Kxf3 Kg1 66. Rxh3 Ra2 67. Kg4 Ra4+ 68. Kf3 Ra3+ 69. Kg4 Rxh3 70. Kxh3 1/2-1/2

[Event "GER Cup Net V3 U2000"]
[Site "Playchess.com INT"]
[Date "2020.05.27"]
[Round "8"]
[White "Berg, Juergen"]
[Black "Susallek, Markus"]
[Result "0-1"]
[WhiteElo "1650"]
[BlackElo "1839"]
[PlyCount "98"]
[EventDate "2020.05.27"]
[EventType "swiss (blitz)"]
[EventRounds "9"]
[EventCountry "GER"]
[SourceTitle "EXT 2021"]
[Source "ChessBase"]
[SourceDate "2020.10.23"]
[SourceVersion "1"]
[SourceVersionDate "2020.10.23"]
[SourceQuality "1"]

1. Nc3 d5 2. e4 d4 3. Nce2 c5 4. Ng3 g6 5. Bc4 Bg7 6. d3 Nc6 7. a3 Nf6 8. N1e2 h5 9. h4 a6 10. 0-0 b5 11. Ba2 0-0 12. Nf4 Ne5 13. Bd2 c4 14. Bb4 Qc7 15. Nd5 Nxd5 16. exd5 Bb7 17. f4 Ng4 18. d6 exd6 19. Ne4 Rad8 20. f5 Ne3 21. Qf3 Nxf1 22. Rxf1 Bxe4 23. dxe4 d5 24. Bxf8 Rxf8 25. exd5 Qe5 26. b3 c3 27. b4 Bh6 28. d6 Qxd6 29. fxg6 Qxg6 30. Bb3 Be3+ 31. Kh1 Kg7 32. g3 f5 33. Qb7+ Kh6 34. Kg2 f4 35. Qf3 Rg8 36. Kh2 Qxg3+ 37. Qxg3 fxg3+ 38. Kg2 Rg4 39. Rf6+ Kg7 40. Rf7+ Kg6 41. Rf3 Rxh4 42. Kxg3 Rg4+ 43. Kh3 Kg5 44. Be6 Rf4 45. Rxf4 Kxf4 46. Bc8 d3 47. cxd3 c2 48. Bxa6 c1Q 49. Bxb5 Qh1# 0-1

[Event "GER Cup Net V3 U2000"]
[Site "Playchess.com INT"]
[Date "2020.05.27"]
[Round "6"]
[White "Susallek, Markus"]
[Black "Fock, Sana"]
[Result "0-1"]
[WhiteElo "1861"]
[BlackElo "1664"]
[PlyCount "106"]
[EventDate "2020.05.27"]
[EventType "swiss (blitz)"]
[EventRounds "9"]
[EventCountry "GER"]
[SourceTitle "EXT 2021"]
[Source "ChessBase"]
[SourceDate "2020.10.23"]
[SourceVersion "1"]
[SourceVersionDate "2020.10.23"]
[SourceQuality "1"]

1. e4 c5 2. Nf3 d6 3. d4 cxd4 4. Nxd4 Nf6 5. Nc3 a6 6. Be3 e5 7. Nb3 Be6 8. f3 Nbd7 9. Qd2 b5 10. g4 Be7 11. g5 b4 12. Nd5 Nxd5 13. exd5 Bf5 14. h4 a5 15. Bb5 Qc7 16. Rh2 0-0 17. Ba4 Nb6 18. Bxb6 Qxb6 19. 0-0-0 Rfc8 20. Qe1 Qa7 21. Kb1 Bd7 22. Bxd7 Qxd7 23. f4 a4 24. Nd2 a3 25. b3 exf4 26. Re2 Bf8 27. Nf3 g6 28. Nd4 Bg7 29. Re7 Qg4 30. Nc6 f3 31. Qf2 Qg2 32. Qxg2 fxg2 33. Re2 Re8 34. Rxg2 Re4 35. Rh2 Rg4 36. Kc1 Bb2+ 37. Kd2 Bc3+ 38. Kd3 Re8 39. Re2 Rg3+ 40. Kc4 Rxe2 41. Nxb4 Re4+ 42. Kb5 Rxb4+ 43. Kc6 Re3 44. Kxd6 Be5+ 45. Kd7 Rb7+ 46. Kc6 Rc7+ 47. Kb5 Rxc2 48. d6 Rec3 49. d7 Rc5+ 50. Kb6 Rc6+ 51. Kb5 R2c5+ 52. Kb4 Bc3+ 53. Ka4 Ra5# 0-1

[Event "GER Cup Net V3 U2000"]
[Site "Playchess.com INT"]
[Date "2020.05.27"]
[Round "2"]
[White "Voigt, Detlev"]
[Black "Susallek, Markus"]
[Result "1-0"]
[WhiteElo "1649"]
[BlackElo "1873"]
[PlyCount "81"]
[EventDate "2020.05.27"]
[EventType "swiss (blitz)"]
[EventRounds "9"]
[EventCountry "GER"]
[SourceTitle "EXT 2021"]
[Source "ChessBase"]
[SourceDate "2020.10.23"]
[SourceVersion "1"]
[SourceVersionDate "2020.10.23"]
[SourceQuality "1"]

1. c4 e5 2. Nc3 Nf6 3. Nf3 e4 4. Ng5 d5 5. cxd5 Nxd5 6. Ngxe4 Nc6 7. g3 Bb4 8. Bg2 0-0 9. 0-0 Re8 10. a3 Bxc3 11. Nxc3 Nxc3 12. bxc3 Qd7 13. d4 Qe7 14. e4 Na5 15. Qa4 b6 16. e5 Bb7 17. Bxb7 Nxb7 18. Bf4 c5 19. Rfe1 cxd4 20. cxd4 Rad8 21. Rad1 Rd5 22. Qxa7 Na5 23. Qxb6 Qd7 24. Kg2 Rb5 25. Qa6 Qd5+ 26. f3 Ra8 27. Rc1 Rb2+ 28. Kh3 h6 29. Rc8+ Rxc8 30. Qxc8+ Kh7 31. Qf5+ Kg8 32. Qe4 Qe6+ 33. g4 h5 34. d5 hxg4+ 35. fxg4 Qd7 36. e6 fxe6 37. Qxe6+ Qxe6 38. dxe6 Rb3+ 39. Kh4 Kf8 40. Bd6+ Ke8 41. Rf1 1-0

[Event "GER Cup Net V2 U2000"]
[Site "Playchess.com INT"]
[Date "2020.05.22"]
[Round "7"]
[White "Susallek, Markus"]
[Black "Lucas, Michael"]
[Result "1/2-1/2"]
[WhiteElo "1851"]
[BlackElo "1899"]
[PlyCount "114"]
[EventDate "2020.05.22"]
[EventType "swiss (blitz)"]
[EventRounds "9"]
[EventCountry "GER"]
[SourceTitle "EXT 2021"]
[Source "ChessBase"]
[SourceDate "2020.10.23"]
[SourceVersion "1"]
[SourceVersionDate "2020.10.23"]
[SourceQuality "1"]

1. e4 c5 2. Nf3 Nc6 3. d4 cxd4 4. Nxd4 Nf6 5. Nc3 d6 6. Bg5 e6 7. Qd2 Be7 8. 0-0-0 0-0 9. Bc4 a6 10. Bb3 Na5 11. f4 Qc7 12. f5 Nxb3+ 13. axb3 b5 14. g4 b4 15. Bxf6 bxc3 16. bxc3 Bxf6 17. g5 Bxd4 18. Qxd4 exf5 19. h4 a5 20. h5 Qc5 21. Qd3 fxe4 22. Qg3 Bf5 23. Rxd6 a4 24. b4 Qc4 25. g6 fxg6 26. hxg6 Bxg6 27. Rxg6 hxg6 28. Qxg6 Rf6 29. Qh7+ Kf8 30. Qh8+ Qg8 31. Qh5 Rc8 32. Qe5 Qe6 33. Rh8+ Kf7 34. Qxe6+ Rxe6 35. Rxc8 Kf6 36. c4 Ke5 37. c5 Kd4 38. Kd2 e3+ 39. Ke2 Kc4 40. Rg8 a3 41. Rxg7 Kxb4 42. Rb7+ Kc4 43. Ra7 Kb4 44. c6 Rxc6 45. Kxe3 Rxc2 46. Kd3 Rh2 47. Rb7+ Ka4 48. Kc3 Rh3+ 49. Kc4 Rh4+ 50. Kc3 Rh1 51. Ra7+ Kb5 52. Kb3 Rh3+ 53. Ka2 Kb4 54. Rb7+ Ka4 55. Ra7+ Kb4 56. Rb7+ Ka4 57. Ra7+ Kb4 1/2-1/2

[Event "GER-ch Net Amateur Gr-B Final"]
[Site "Playchess.com INT"]
[Date "2020.04.18"]
[Round "6"]
[White "Ochmann, Reimund"]
[Black "Susallek, Markus"]
[Result "0-1"]
[WhiteElo "1868"]
[BlackElo "1918"]
[PlyCount "74"]
[EventDate "2020.04.18"]
[EventType "swiss (blitz)"]
[EventRounds "13"]
[EventCountry "GER"]
[SourceTitle "CBM 195 Extra"]
[Source "ChessBase"]
[SourceDate "2020.05.31"]
[SourceVersion "1"]
[SourceVersionDate "2020.05.31"]
[SourceQuality "1"]

1. e4 c5 2. c3 d5 3. exd5 Qxd5 4. d4 Nf6 5. Nf3 Nc6 6. Be2 e6 7. 0-0 Be7 8. Be3 Ng4 9. Bf4 0-0 10. h3 Qf5 11. Bg3 Nf6 12. Bd3 Qd5 13. Ne5 cxd4 14. Nxc6 Qxc6 15. cxd4 Nd5 16. Be4 Bf6 17. Qd3 h6 18. Nc3 Rd8 19. Nxd5 exd5 20. Bf3 Qb6 21. Rfd1 Qxb2 22. Rab1 Qxa2 23. Bc7 Re8 24. Re1 Be6 25. Rxb7 Rec8 26. Bf4 a5 27. Qb5 a4 28. Qb4 a3 29. Be5 Bxe5 30. dxe5 Qc2 31. Qe7 a2 32. Bg4 a1Q 33. Bxe6 Qxe1+ 34. Kh2 Qexf2 35. Bxf7+ Kh8 36. Bxd5 Qf4+ 37. Kg1 Qcc1# 0-1

[Event "GER-ch Net Amateur Gr-B Final"]
[Site "Playchess.com INT"]
[Date "2020.04.18"]
[Round "10"]
[White "Singh, Marcel"]
[Black "Susallek, Markus"]
[Result "1-0"]
[WhiteElo "2004"]
[BlackElo "1918"]
[PlyCount "87"]
[EventDate "2020.04.18"]
[EventType "swiss (blitz)"]
[EventRounds "13"]
[EventCountry "GER"]
[SourceTitle "CBM 195 Extra"]
[Source "ChessBase"]
[SourceDate "2020.05.31"]
[SourceVersion "1"]
[SourceVersionDate "2020.05.31"]
[SourceQuality "1"]

1. e4 c5 2. c3 d5 3. exd5 Qxd5 4. d4 Nf6 5. Nf3 Nc6 6. dxc5 Qxd1+ 7. Kxd1 Bg4 8. Bb5 0-0-0+ 9. Ke1 e5 10. b4 e4 11. Bxc6 bxc6 12. Nd4 Kc7 13. Bf4+ Kb7 14. Nd2 Nd5 15. Bg3 Nxc3 16. N2b3 Be7 17. Na5+ Ka6 18. Naxc6 Rd7 19. a4 Bf6 20. b5+ Kb7 21. Bd6 Nd5 22. h3 Bh5 23. Be5 Re8 24. Bxf6 Nxf6 25. Nf5 Bg6 26. Nd6+ Rxd6 27. cxd6 e3 28. fxe3 Rxe3+ 29. Kf2 Rd3 30. Rhd1 Ne4+ 31. Kg1 Rxd6 32. Rxd6 Nxd6 33. Re1 Kb6 34. Re7 Nb7 35. Ne5 Nc5 36. Nxg6 hxg6 37. a5+ Kxb5 38. Rxa7 f6 39. Rxg7 Kxa5 40. Rxg6 Ne4 41. Rg4 f5 42. Rf4 Nd6 43. Rd4 Nf7 44. Rd5+ 1-0

[Event "GER-ch Net Amateur Gr-B Final"]
[Site "Playchess.com INT"]
[Date "2020.04.18"]
[Round "8"]
[White "Susallek, Markus"]
[Black "Lu, Trung Cang"]
[Result "1/2-1/2"]
[WhiteElo "1918"]
[BlackElo "1962"]
[PlyCount "83"]
[EventDate "2020.04.18"]
[EventType "swiss (blitz)"]
[EventRounds "13"]
[EventCountry "GER"]
[SourceTitle "CBM 195 Extra"]
[Source "ChessBase"]
[SourceDate "2020.05.31"]
[SourceVersion "1"]
[SourceVersionDate "2020.05.31"]
[SourceQuality "1"]

1. e4 c6 2. Nc3 d5 3. Qf3 dxe4 4. Nxe4 Nf6 5. Bc4 Nbd7 6. d4 Nb6 7. Bb3 g6 8. Nxf6+ exf6 9. Ne2 Bg7 10. 0-0 0-0 11. c3 a5 12. Re1 a4 13. Bc2 Re8 14. a3 f5 15. Bd2 Be6 16. Nf4 Bd5 17. Nxd5 Nxd5 18. Rxe8+ Qxe8 19. Re1 Qd7 20. Qe2 Bf6 21. Bd3 Kg7 22. Qd1 b5 23. Qc1 Re8 24. Bh6+ Kg8 25. Qd2 Bg7 26. Bxg7 Kxg7 27. g3 Nf6 28. Rxe8 Qxe8 29. Qe3 Qd7 30. Qe5 Qe6 31. Qxe6 fxe6 32. Kg2 Nd5 33. Kf3 Kf6 34. Ke2 g5 35. f3 h5 36. h3 h4 37. gxh4 gxh4 38. Kf2 Nf4 39. Bf1 Nd5 40. Bd3 Nb6 41. Ke3 Nd5+ 42. Kf2 1/2-1/2

[Event "GER-ch Net Amateur Gr-B Vor3"]
[Site "Playchess.com INT"]
[Date "2020.04.16"]
[Round "5"]
[White "Guder, Sibylle"]
[Black "Susallek, Markus"]
[Result "1-0"]
[WhiteElo "1875"]
[BlackElo "1902"]
[PlyCount "79"]
[EventDate "2020.04.16"]
[EventType "swiss (blitz)"]
[EventRounds "9"]
[EventCountry "GER"]
[SourceTitle "CBM 195 Extra"]
[Source "ChessBase"]
[SourceDate "2020.05.31"]
[SourceVersion "1"]
[SourceVersionDate "2020.05.31"]
[SourceQuality "1"]

1. Nf3 d5 2. c4 Nf6 3. cxd5 Nxd5 4. Nc3 g6 5. g3 Bg7 6. Bg2 0-0 7. 0-0 Nb6 8. d3 Nc6 9. Be3 Bg4 10. Qd2 Qd7 11. Rfc1 Rfd8 12. Ne4 Na4 13. Rab1 Qd5 14. b3 Nb6 15. Nc5 Rab8 16. Nd4 Qh5 17. Nxc6 bxc6 18. Rc2 Nd5 19. Na6 Rb6 20. Bxb6 axb6 21. Rxc6 Nf6 22. Rc2 Bh3 23. Bf3 Bg4 24. Qf4 Bh6 25. Qxc7 Re8 26. Bc6 Rc8 27. Qxe7 Bg5 28. Qe5 Be6 29. Qc3 Ng4 30. h4 Be3 31. Qe1 Bxf2+ 32. Qxf2 Nxf2 33. Kxf2 Qf5+ 34. Bf3 Qh3 35. Rxc8+ Bxc8 36. Nc7 Qh2+ 37. Bg2 Bb7 38. e4 g5 39. Rh1 Qxh1 40. Bxh1 1-0

[Event "GER-ch Net Amateur Gr-B Vor3"]
[Site "Playchess.com INT"]
[Date "2020.04.16"]
[Round "6"]
[White "Zhou, Lepu Coco"]
[Black "Susallek, Markus"]
[Result "0-1"]
[WhiteElo "1726"]
[BlackElo "1884"]
[PlyCount "122"]
[EventDate "2020.04.16"]
[EventType "swiss (blitz)"]
[EventRounds "9"]
[EventCountry "GER"]
[SourceTitle "CBM 195 Extra"]
[Source "ChessBase"]
[SourceDate "2020.05.31"]
[SourceVersion "1"]
[SourceVersionDate "2020.05.31"]
[SourceQuality "1"]

1. e4 c5 2. Nf3 e6 3. c4 Nc6 4. Nc3 g6 5. d4 cxd4 6. Nxd4 Bg7 7. Be3 Nge7 8. Be2 0-0 9. 0-0 a6 10. f3 Qc7 11. Rc1 b6 12. Nd5 Qd8 13. Nxc6 Nxc6 14. Bxb6 Qg5 15. Nc7 Rb8 16. Bc5 Re8 17. Nxe8 Rxb2 18. Rc2 Qxc5+ 19. Kh1 Rxc2 20. Qxc2 Nd4 21. Qd2 Kf8 22. Nxg7 Kxg7 23. Rd1 e5 24. f4 d6 25. fxe5 dxe5 26. Bf1 Bg4 27. Rb1 Be6 28. Qb4 Qc7 29. Qb8 Qc5 30. Qb4 Qc7 31. Bd3 Qd8 32. Qd2 Qh4 33. Qe1 Qf4 34. Qg3 Qd2 35. Bf1 f6 36. Qd3 Qxa2 37. c5 Bc4 38. Rb7+ Bf7 39. Qd1 Qf2 40. Rb6 Ne6 41. c6 Qxb6 42. Qc1 Qc7 43. Bxa6 Nd4 44. Bb5 Be8 45. Ba4 Bxc6 46. Bxc6 Qxc6 47. Qxc6 Nxc6 48. Kg1 Ne7 49. Kf2 Nc8 50. Ke3 Nd6 51. Kd3 Kf7 52. g3 Ke6 53. g4 h6 54. h3 f5 55. exf5+ gxf5 56. gxf5+ Kxf5 57. Ke3 e4 58. h4 Nc4+ 59. Ke2 Kf4 60. Ke1 Ke3 61. Kd1 Kf2 0-1